书目信息 |
| 题名: |
现代汉语实词
|
|
| 作者: | 张斌 主编 ;方绪军 著 | |
| 分册: | ||
| 出版信息: | 上海 华东师范大学出版社 2000 |
|
| 页数: | 310页 | |
| 开本: | 21cm | |
| 丛书名: | ||
| 单 册: | ||
| 中图分类: | H146.2 | |
| 科图分类: | ||
| 主题词: | 汉语--han yu--实词--研究--现代 | |
| 电子资源: | ||
| ISBN: | 7-5617-2351-2 | |
| 000 | 00729nam0 2200253 45 | |
| 001 | CAL 012001174883 | |
| 005 | 20031219104056.6 | |
| 010 | @a7-5617-2351-2@dCNY16.00 | |
| 100 | @a20010315d2000 emky0chiy0121 ea | |
| 101 | 0 | @achi |
| 102 | @aCN@b310000 | |
| 105 | @ay z 000yy | |
| 106 | @ar | |
| 200 | 1 | @a现代汉语实词@Axian dai han yu shi ci@f张斌主编@g方绪军著 |
| 210 | @a上海@c华东师范大学出版社@d2000 | |
| 215 | @a310页@d21cm | |
| 300 | @a世界银行贷款资助项目 | |
| 333 | @a上海普通高校"九五"重点教材 | |
| 606 | 0 | @a汉语@Ahan yu@x实词@x研究@z现代 |
| 690 | @aH146.2@v4 | |
| 701 | 0 | @a张斌@Azhang bin@4主编 |
| 702 | 0 | @a方绪军@Afang xu jun@4著 |
| 801 | @aCN@bTSTC@c20020617 | |
| 905 | @b312046-049@dH146.2@e177@f4 | |
| 现代汉语实词/张斌主编/方绪军著.-上海:华东师范大学出版社,2000 |
| 310页;21cm |
| 世界银行贷款资助项目.-使用对象:上海普通高校"九五"重点教材 |
| ISBN 7-5617-2351-2:CNY16.00 |
| ● |
| 相关链接 |
|
|
|
|
正题名:现代汉语实词
索取号:H146.2/177
 
预约/预借
| 序号 | 登录号 | 条形码 | 馆藏地/架位号 | 状态 | 备注 |
| 1 | 0312046 | 203120461 | 第四借阅区/ [索取号:H146.2/177] | 在馆 | |
| 2 | 0312047 | 203120470 | 第四借阅区/ [索取号:H146.2/177] | 在馆 | |
| 3 | 0312048 | 203120489 | 第四借阅区/ [索取号:H146.2/177] | 在馆 | |
| 4 | 0312049 | 203120498 | 第二样本阅览室/ [索取号:H146.2/177] | 在馆 |